01166nam a22001817a 4500999001700000020001800017041001000035082001800045100002100063245010100084260003900185300001700224520051500241650004600756650002300802942001200825952014700837 c38806d38806 a9789386677419 aHindi a025.04bHUS-I aHussain, Akhtar  aInformation Retrieval System : bManaging Libraries in Information Society /cBy Akhtar Hussain  aNew Delhi:bManakin Press, c2018. axxxiii,448p. aThis book would be useful for students and research scholars of humanities and social science disciplines particularly BLISC, MLISC, Ph.D. scholars and information professionals who aim to have an expertise in library and information science. This book would be highly useful to fulfill the research needs of scholars in others disciplines of social sciences as well. Furthermore, this book is tailored specifically for working librarians, future librarians and for anyone at the portals of digital enthusiasm. aInformation storage and retrieval systems aLibrary management 2ddccBK 00104070aNASSDOCbNASSDOCd2024-03-20eAll India Book Houseg718.39l0o025.04 HUS-Ip53983r2024-04-12 00:00:00t v995.00w2024-03-20yBK